JOURNAL OF BIOSCIENCES (Record no. 24174)

MARC details
000 -LEADER
fixed length control field 00257nam a22001217a 4500
003 - CONTROL NUMBER IDENTIFIER
control field SGT
082 ## - DEWEY DECIMAL CLASSIFICATION NUMBER
Item number JOS
100 ## - MAIN ENTRY--PERSONAL NAME
Personal name JOSHI, AMITABH
245 ## - TITLE STATEMENT
Title JOURNAL OF BIOSCIENCES
260 ## - PUBLICATION, DISTRIBUTION, ETC. (IMPRINT)
Place of publication, distribution, etc INDIA
Name of publisher, distributor, etc ACADEMY SCIENCE
Year of Publication 2018-2019
300 ## - PAGE DESCRIPTION
No. of Pages 650
942 ## - ADDED ENTRY ELEMENTS (KOHA)
Source of classification or shelving scheme Dewey Decimal Classification
Koha item type Back Volumes
Holdings
Withdrawn status Lost status Source of classification or shelving scheme Damaged status Not for loan Home library Current library Date acquired Volume Information (Serial or Books or Non-Book Material) SGTU Total Checkouts Full call number Accession No. (Barcode) Date last seen Bill Date Koha item type
    Dewey Decimal Classification   Not For Loan SGT Science & Social Sciences Library SGT Science & Social Sciences Library 11/07/2023 43-44 SGTU   JOS AP92 11/07/2023 11/07/2023 Back Volumes
    Dewey Decimal Classification   Not For Loan SGT Science & Social Sciences Library SGT Science & Social Sciences Library 11/07/2023 43-44 SGTU   JOS AP93 11/07/2023 11/07/2023 Back Volumes
    Dewey Decimal Classification   Not For Loan SGT Science & Social Sciences Library SGT Science & Social Sciences Library 11/07/2023 43-44 SGTU   JOS AP94 11/07/2023 11/07/2023 Back Volumes
    Dewey Decimal Classification   Not For Loan SGT Science & Social Sciences Library SGT Science & Social Sciences Library 11/07/2023 43-44 SGTU   JOS AP95 11/07/2023 11/07/2023 Back Volumes